000 00861nam a22002657a 4500
001 BR9701257
003 BR-BrBNA
005 20230928095334.0
007 ta
008 230509b bl.||||| |||| 00| 0 por d
040 _aBR-BrBNA
_bpor
_cBiblioteca Nacional de Agricultura
041 _a(Por)
072 _aF01
_b1829
090 _ 1829 BR9701257
100 1 _aGermek, H.A.
110 1 _aEscola Superior de Agricultura Luiz de Queiroz, Piracicaba, SP (Brasil)
_0Tese (Mestre em Agronomia)
245 1 _aInfluencia da epoca de semeadura na producao da cultura da bucha (Luffa cylindrica Roem)
260 3 _aPiracicaba, SP (Brasil):
_c1996.
300 _a133 p.
500 _aBibliography p. 68-85; 32 tables; 7 illus.; Summaries (Eng, Por)
650 _aBucha
650 _aEpoca de Semeadura
909 _a202309
_bLucia
_c55
_dLucia Elande
942 _cBK
999 _c55971
_d55971